[Event "Team men HL chess 2016"]
[Site "Sochi"]
[Date "2016.05.03"]
[Round "3.10"]
[White "Mestnikov, Aisen"]
[Black "Smorchkov, Danil"]
[Result "0-1"]
[WhiteElo "2197"]
[BlackElo "2017"]
[PlyCount "104"]
[EventDate "2016.05.01"]

1. d4 Nf6 2. g3 e6 3. Bg2 d5 4. Nf3 Be7 5. c4 O-O 6. O-O dxc4 7. Nc3 Nc6 8. e3
Rb8 9. Nd2 e5 10. d5 Na5 11. Qa4 b6 12. b4 cxb3 13. axb3 Bd7 14. Qa2 Bb4 15.
Qb2 Re8 16. Na2 Bd6 17. b4 Nb7 18. b5 e4 19. Nc4 Nxd5 20. Rd1 Qg5 21. Qd4 Nf6
22. Nc3 Bc5 23. Qd2 Bg4 24. Re1 Rbd8 25. Qc2 Bf3 26. Rxa7 Nd6 27. Nd2 Bxg2 28.
Kxg2 Re7 29. Qb3 Nf5 30. Qc4 Rde8 31. Ba3 Bxa3 32. Rxa3 Nh4+ 33. Kh1 Ng6 34.
Rea1 Qf5 35. Kg2 Ne5 36. Qe2 h5 37. Ra4 Nd3 38. Nb3 h4 39. Nd4 h3+ 40. Kg1 Qg4
41. Qxg4 Nxg4 42. Nc6 Re6 43. Nd5 Nc5 44. Nxc7 Nxa4 45. Nxe8 Nc3 46. Nc7 Rf6
47. Nd4 Rxf2 48. Rc1 Rg2+ 49. Kf1 Nxh2+ 50. Ke1 Rg1+ 51. Kd2 Rxc1 52. Kxc1 Nf3
0-1

[Event "Team men HL chess 2016"]
[Site "Sochi"]
[Date "2016.05.03"]
[Round "3.10"]
[White "Lushnikov, Sergey"]
[Black "Mestnikov, Aital"]
[Result "0-1"]
[WhiteElo "1953"]
[BlackElo "2188"]
[PlyCount "156"]
[EventDate "2016.05.01"]

1. e4 c5 2. c3 d5 3. exd5 Qxd5 4. d4 Nf6 5. Nf3 e6 6. Na3 Nc6 7. Nb5 Qd8 8.
dxc5 Bxc5 9. Qxd8+ Kxd8 10. Bg5 Ke7 11. Rd1 h6 12. Bh4 g5 13. Bg3 Ne4 14. Bd3
Nxg3 15. hxg3 g4 16. Nfd4 Ne5 17. b4 Bb6 18. Be2 Bd7 19. c4 a6 20. Nc3 a5 21.
a3 axb4 22. axb4 Bxd4 23. Rxd4 Ra1+ 24. Rd1 Ra3 25. Rc1 Bc6 26. O-O b6 27. b5
Bb7 28. c5 bxc5 29. b6 Rd8 30. Nb5 Ra2 31. Rxc5 Rxe2 32. Nc3 Nd7 33. Rc7 Rc2
34. Nd5+ Bxd5 35. Rxc2 Nxb6 36. Rfc1 Ra8 37. Kh2 h5 38. Kg1 Ra4 39. Rb2 Nc4 40.
Rbb1 Ra2 41. Ra1 Rd2 42. Rd1 Kf6 43. Rxd2 Nxd2 44. Ra7 Ne4 45. Rd7 Nc5 46. Rc7
Nd3 47. Kf1 e5 48. Rd7 Be4 49. Rd8 Kg5 50. Rh8 Bg6 51. Ke2 Nc5 52. Kf1 f5 53.
Rd8 Bf7 54. Rf8 Be6 55. Ra8 Nb3 56. Re8 Nd4 57. Ra8 f4 58. gxf4+ Kxf4 59. Rh8
Bc4+ 60. Kg1 Ne2+ 61. Kf1 Kg5 62. Rc8 Bd3 63. Rg8+ Kf5 64. Ke1 h4 65. Kd2 Nf4
66. g3 h3 67. Rh8 Ng6 68. Rh5+ Ke4 69. Rh6 Kf3 70. Kxd3 Nf4+ 71. gxf4 exf4 72.
Rh4 Kxf2 73. Rxg4 f3 74. Ke4 Ke2 75. Rg1 f2 76. Ra1 f1=Q 77. Ra2+ Ke1 78. Ra1+
Kf2 0-1

[Event "Team men HL chess 2016"]
[Site "Sochi"]
[Date "2016.05.03"]
[Round "3.11"]
[White "Triapishko, Olexandr"]
[Black "Grishchenko, Sergey"]
[Result "1/2-1/2"]
[WhiteElo "2474"]
[BlackElo "2441"]
[PlyCount "131"]
[EventDate "2016.05.01"]

1. Nf3 Nf6 2. g3 d5 3. Bg2 c5 4. O-O Nc6 5. d4 e6 6. c4 Be7 7. cxd5 exd5 8. Nc3
O-O 9. Bf4 Be6 10. dxc5 Bxc5 11. Rc1 d4 12. Nb5 Bb6 13. Qa4 Qd7 14. Nd6 Nd5 15.
Nxb7 Qxb7 16. Qxc6 Qxc6 17. Rxc6 Nxf4 18. gxf4 Bxa2 19. Ne5 Rad8 20. Ra1 Be6
21. Bf3 Rfe8 22. Rac1 g6 23. Nd3 Kg7 24. Kg2 Bd7 25. R6c2 Ba4 26. Rd2 Rd6 27.
Ne5 Rf6 28. Nc4 Rxf4 29. Nxb6 axb6 30. Rc4 Bb5 31. Rb4 Re5 32. Kg3 g5 33. Rb3
Re6 34. Rb4 Re5 35. Rb3 Kg6 36. h3 h5 37. e3 h4+ 38. Kg2 dxe3 39. fxe3 Rf6 40.
e4 Bc6 41. Rb4 Kg7 42. Rxb6 Bxe4 43. Rxf6 Kxf6 44. b4 Bxf3+ 45. Kxf3 Rf5+ 46.
Ke3 Rb5 47. Rb2 Ke5 48. Kf3 f5 49. Re2+ Kf6 50. Rb2 Kg6 51. Rb1 Kh5 52. Rb3 g4+
53. Kf4 Rd5 54. b5 gxh3 55. b6 h2 56. Rh3 Rd2 57. b7 Rf2+ 58. Ke5 Rb2 59. Kxf5
Rxb7 60. Rxh2 Rb4 61. Rh1 Rc4 62. Rh2 Rc3 63. Kf4 h3 64. Rd2 Kh4 65. Rd8 Rc5
66. Rh8+ 1/2-1/2

[Event "Team men HL chess 2016"]
[Site "Sochi"]
[Date "2016.05.03"]
[Round "3.11"]
[White "Potapov, Alexey"]
[Black "Derevianchenko, Ilia"]
[Result "1/2-1/2"]
[WhiteElo "2368"]
[BlackElo "2308"]
[PlyCount "121"]
[EventDate "2016.05.01"]

1. d4 Nf6 2. c4 e6 3. Nf3 b6 4. a3 Bb7 5. Nc3 d5 6. Bg5 Be7 7. e3 O-O 8. cxd5
exd5 9. Rc1 c5 10. dxc5 bxc5 11. Qb3 Qb6 12. Qxb6 axb6 13. Rd1 Rd8 14. Be2 Nbd7
15. O-O Nf8 16. Bh4 h6 17. h3 Ne6 18. Bg3 Rac8 19. Na4 Bc6 20. Nc3 d4 21. exd4
cxd4 22. Nb5 Nh5 23. Na7 Nxg3 24. fxg3 Rc7 25. Nxc6 Rxc6 26. Bd3 Bf6 27. Rfe1
Nc5 28. Kf2 Kf8 29. g4 Re6 30. Rd2 Rde8 31. g3 Re3 32. Red1 Nxd3+ 33. Rxd3 Re2+
34. Kf1 Rxb2 35. Nxd4 g6 36. Nf3 Ree2 37. Nd2 Rh2 38. Kg1 Re2 39. Kf1 Re6 40.
Kf2 Be7 41. Ra1 Bg5 42. Rd1 Rf6+ 43. Ke2 Ra2 44. h4 Re6+ 45. Kf3 Be7 46. Nc4 b5
47. R3d2 Rxd2 48. Nxd2 Bxa3 49. Ra1 Be7 50. Ra8+ Kg7 51. Rb8 b4 52. Rb7 f5 53.
gxf5 gxf5 54. Nc4 Kg6 55. Rb5 Ra6 56. Kf4 Ra2 57. Ne5+ Kf6 58. Rb6+ Kg7 59.
Kxf5 Rf2+ 60. Kg4 Rc2 61. Kf5 1/2-1/2

[Event "Team men HL chess 2016"]
[Site "Sochi"]
[Date "2016.05.03"]
[Round "3.11"]
[White "Barash, Mikhail"]
[Black "Parfenov, Viktor N"]
[Result "0-1"]
[WhiteElo "2133"]
[BlackElo "2167"]
[PlyCount "80"]
[EventDate "2016.05.01"]

1. d4 Nf6 2. Nc3 e6 3. Nf3 d5 4. Bg5 Be7 5. e3 Nbd7 6. Bd3 b6 7. O-O Bb7 8. Ne2
O-O 9. Ng3 c5 10. c3 Ne4 11. Bxe7 Qxe7 12. Nd2 Nxg3 13. hxg3 e5 14. Bf5 Nf6 15.
Nf3 e4 16. Ne5 g6 17. Bh3 Nh5 18. Qa4 Rfd8 19. Rfd1 Ng7 20. Ng4 h5 21. Nh2 f5
22. f4 a5 23. Nf1 Ba6 24. Nd2 Bd3 25. Rdc1 Kf8 26. Qd1 c4 27. Kf2 Ne8 28. Bxf5
gxf5 29. Qxh5 Qe6 30. Rh1 Nf6 31. Qg5 Kf7 32. Rag1 Rg8 33. Qh4 Rg6 34. Ke1 Rag8
35. Rh3 Ng4 36. Qh7+ R6g7 37. Qh5+ Qg6 38. Qh4 Nf6 39. g4 Qxg4 40. Qf2 Qxh3 0-1

[Event "Team men HL chess 2016"]
[Site "Sochi"]
[Date "2016.05.03"]
[Round "3.11"]
[White "Zaika, Daniil"]
[Black "Sshedrin, Iliya"]
[Result "0-1"]
[WhiteElo "2077"]
[BlackElo "2150"]
[PlyCount "69"]
[EventDate "2016.05.01"]

1. d4 Nf6 2. Nf3 e6 3. Bf4 b6 4. e3 Bb7 5. Bd3 Nh5 6. Bg3 d6 7. Nbd2 Nd7 8. a4
a6 9. c4 Be7 10. Qc2 h6 11. O-O Nxg3 12. hxg3 c5 13. a5 Rc8 14. axb6 Qxb6 15.
Qa4 Ra8 16. dxc5 dxc5 17. Ne5 Qc7 18. f4 Rd8 19. Ndf3 O-O 20. Rad1 Nxe5 21.
Nxe5 Bf6 22. Ng4 Bxb2 23. Qb3 Bf6 24. Nxf6+ gxf6 25. Bb1 Ba8 26. g4 Rxd1 27.
Qxd1 Rd8 28. Qc2 Qb7 29. Qh7+ Kf8 30. Qxh6+ Ke7 31. e4 Qb2 32. g5 f5 33. g6
Qd4+ 34. Rf2 Qf6 35. exf5 0-1

[Event "Team men HL 2016"]
[Site "Sochi"]
[Date "2016.05.04"]
[Round "4.1"]
[White "Khismatullin, Denis"]
[Black "Ponkratov, Pavel"]
[Result "1-0"]
[LiveChessVersion "1.4.4"]
[BlackElo "2595"]
[WhiteElo "2609"]

1. d4 {[%clk 1:30:57]} Nf6 {[%clk 1:30:54]} 2. c4 {[%clk 1:31:23]} c5
{[%clk 1:30:14]} 3. d5 {[%clk 1:31:35]} g6 {[%clk 1:30:38]} 4. Nc3
{[%clk 1:29:27]} Bg7 {[%clk 1:31:00]} 5. e4 {[%clk 1:27:15]} O-O {[%clk 1:31:24]}
6. f3 {[%clk 1:25:28]} d6 {[%clk 1:30:26]} 7. Nge2 {[%clk 1:24:55]} Na6
{[%clk 1:23:40]} 8. Ng3 {[%clk 1:13:58]} Nc7 {[%clk 1:23:57]} 9. Be2
{[%clk 1:14:22]} a6 {[%clk 1:16:27]} 10. a4 {[%clk 1:14:41]} Rb8 {[%clk 1:16:51]}
11. a5 {[%clk 1:14:08]} e6 {[%clk 1:17:17]} 12. O-O {[%clk 1:13:34]} exd5
{[%clk 1:17:35]} 13. exd5 {[%clk 1:13:50]} b5 {[%clk 1:17:30]} 14. axb6
{[%clk 1:08:46]} Rxb6 {[%clk 1:17:55]} 15. Qc2 {[%clk 0:59:25]} Bd7
{[%clk 1:17:34]} 16. Bd3 {[%clk 0:54:51]} Qe7 {[%clk 1:04:53]} 17. Bf4
{[%clk 0:49:26]} Rfb8 {[%clk 1:05:13]} 18. Rae1 {[%clk 0:49:43]} Qd8
{[%clk 1:05:08]} 19. Bc1 {[%clk 0:48:59]} a5 {[%clk 1:00:37]} 20. h3
{[%clk 0:44:17]} Nfe8 {[%clk 1:00:00]} 21. Nge4 {[%clk 0:42:16]} a4
{[%clk 0:49:18]} 22. f4 {[%clk 0:36:56]} f5 {[%clk 0:47:11]} 23. Ng5
{[%clk 0:28:09]} Rb3 {[%clk 0:43:29]} 24. Nd1 {[%clk 0:24:07]} h6
{[%clk 0:33:43]} 25. Nf3 {[%clk 0:21:21]} Na6 {[%clk 0:34:04]} 26. Qe2
{[%clk 0:19:12]} Nb4 {[%clk 0:34:01]} 27. Bc2 {[%clk 0:18:09]} Nxc2
{[%clk 0:28:51]} 28. Qxc2 {[%clk 0:18:34]} Nf6 {[%clk 0:28:55]} 29. Nd2
{[%clk 0:16:45]} R3b4 {[%clk 0:27:47]} 30. Rf3 {[%clk 0:16:33]} Nh5
{[%clk 0:25:35]} 31. Kh2 {[%clk 0:15:06]} Qf6 {[%clk 0:24:28]} 32. Nf1
{[%clk 0:14:07]} Qd4 {[%clk 0:19:13]} 33. Bd2 {[%clk 0:10:50]} Qxc4
{[%clk 0:10:45]} 34. Bc3 {[%clk 0:09:09]} Bxc3 {[%clk 0:09:55]} 35. bxc3
{[%clk 0:09:05]} R4b7 {[%clk 0:10:20]} 36. Nde3 {[%clk 0:05:19]} Qa6
{[%clk 0:08:30]} 37. Nd2 {[%clk 0:03:49]} Rb2 {[%clk 0:06:38]} 38. Qc1
{[%clk 0:04:13]} R2b7 {[%clk 0:03:53]} 39. Nec4 {[%clk 0:03:14]} Bb5
{[%clk 0:01:42]} 40. Na3 {[%clk 0:31:32]} Be2 {[%clk 0:30:49]} 41. Re3
{[%clk 0:22:47]} Nxf4 {[%clk 0:25:16]} 42. R1xe2 {[%clk 0:22:46]} Nxe2
{[%clk 0:25:27]} 43. Qf1 {[%clk 0:23:10]} Rf8 {[%clk 0:22:00]} 44. Rxe2
{[%clk 0:16:37]} Qd3 {[%clk 0:22:01]} 45. Qe1 {[%clk 0:03:41]} Qxc3
{[%clk 0:19:33]} 46. Re6 {[%clk 0:03:21]} Rg7 {[%clk 0:16:26]} 47. Nb5
{[%clk 0:02:25]} Qd3 {[%clk 0:11:33]} 48. Nxd6 {[%clk 0:02:50]} Qxd5
{[%clk 0:10:02]} 49. Ne8 {[%clk 0:03:12]} Rxe8 {[%clk 0:10:48]} 50. Rxe8+
{[%clk 0:03:36]} Kh7 {[%clk 0:11:15]} 51. Nf3 {[%clk 0:03:27]} a3
{[%clk 0:09:34]} 52. Qa5 {[%clk 0:03:23]} g5 {[%clk 0:04:53]} 53. Qxa3
{[%clk 0:02:06]} g4 {[%clk 0:05:15]} 54. hxg4 {[%clk 0:02:23]} fxg4
{[%clk 0:05:32]} 55. Ne5 {[%clk 0:02:38]} h5 {[%clk 0:03:58]} 56. Qe3
{[%clk 0:01:41]} Qd4 {[%clk 0:02:54]} 57. Qxd4 {[%clk 0:01:07]} cxd4
{[%clk 0:03:18]} 58. Kg3 {[%clk 0:00:48]} Rc7 {[%clk 0:03:00]} 59. Rd8
{[%clk 0:01:12]} Rc2 {[%clk 0:02:26]} 60. Rd7+ {[%clk 0:00:36]} Kh8
{[%clk 0:01:10]} 61. Ng6+ {[%clk 0:00:50]} Kg8 {[%clk 0:01:31]} 62. Nf4
{[%clk 0:00:55]} Rc5 {[%clk 0:01:13]} 63. Kh4 {[%clk 0:01:11]} 1-0

[Event "Team men HL 2016"]
[Site "Sochi"]
[Date "2016.05.04"]
[Round "4.2"]
[White "Volkov, Sergey"]
[Black "Bernadskiy, Vitaliy"]
[Result "0-1"]
[LiveChessVersion "1.4.4"]
[BlackElo "2526"]
[WhiteElo "2611"]

1. d4 {[%clk 1:30:54]} d5 {[%clk 1:30:56]} 2. c4 {[%clk 1:31:16]} e6
{[%clk 1:31:23]} 3. Nc3 {[%clk 1:30:56]} a6 {[%clk 1:31:19]} 4. cxd5
{[%clk 1:30:36]} exd5 {[%clk 1:31:46]} 5. Bf4 {[%clk 1:30:56]} c6
{[%clk 1:31:50]} 6. e3 {[%clk 1:28:56]} Bd6 {[%clk 1:32:02]} 7. Bg3
{[%clk 1:29:07]} Ne7 {[%clk 1:31:08]} 8. a3 {[%clk 1:25:56]} O-O {[%clk 1:29:09]}
9. Nf3 {[%clk 1:24:36]} Re8 {[%clk 1:17:16]} 10. Rc1 {[%clk 1:19:39]} Bf5
{[%clk 1:07:56]} 11. Be2 {[%clk 1:16:47]} Nc8 {[%clk 0:58:24]} 12. Nh4
{[%clk 1:12:36]} Bg6 {[%clk 0:54:11]} 13. Na4 {[%clk 1:10:59]} Nd7
{[%clk 0:53:06]} 14. b4 {[%clk 1:07:29]} Bxg3 {[%clk 0:42:39]} 15. hxg3
{[%clk 1:07:34]} Nd6 {[%clk 0:42:28]} 16. Nc5 {[%clk 1:01:08]} Nxc5
{[%clk 0:41:03]} 17. bxc5 {[%clk 1:00:41]} Ne4 {[%clk 0:41:09]} 18. O-O
{[%clk 0:55:08]} Rc8 {[%clk 0:36:17]} 19. Qa4 {[%clk 0:49:47]} Qg5
{[%clk 0:31:26]} 20. Nf3 {[%clk 0:47:48]} Qh6 {[%clk 0:30:42]} 21. Rfe1
{[%clk 0:46:23]} Bh5 {[%clk 0:30:32]} 22. Bf1 {[%clk 0:43:31]} Qf6
{[%clk 0:29:45]} 23. Be2 {[%clk 0:43:25]} Re7 {[%clk 0:28:28]} 24. Qc2
{[%clk 0:43:31]} Rce8 {[%clk 0:27:56]} 25. Rb1 {[%clk 0:40:55]} Bg4
{[%clk 0:23:29]} 26. Rb3 {[%clk 0:40:23]} Qh6 {[%clk 0:20:47]} 27. Reb1
{[%clk 0:37:14]} Bc8 {[%clk 0:18:17]} 28. Bd3 {[%clk 0:36:39]} Qh5
{[%clk 0:17:08]} 29. Nh2 {[%clk 0:31:47]} Re6 {[%clk 0:16:22]} 30. Qd1
{[%clk 0:31:19]} Qh6 {[%clk 0:15:18]} 31. Nf1 {[%clk 0:26:55]} Qg5
{[%clk 0:11:34]} 32. f4 {[%clk 0:21:46]} Qe7 {[%clk 0:11:01]} 33. g4
{[%clk 0:20:38]} Qh4 {[%clk 0:09:46]} 34. Bxe4 {[%clk 0:19:40]} Rxe4
{[%clk 0:10:11]} 35. g5 {[%clk 0:19:19]} h6 {[%clk 0:08:41]} 36. g3
{[%clk 0:17:40]} Qh3 {[%clk 0:08:45]} 37. R1b2 {[%clk 0:18:05]} hxg5
{[%clk 0:07:23]} 38. Rh2 {[%clk 0:18:23]} Qf5 {[%clk 0:06:40]} 39. Qh5
{[%clk 0:15:46]} f6 {[%clk 0:06:46]} 40. g4 {[%clk 0:40:58]} Qxg4+
{[%clk 0:36:35]} 41. Qxg4 {[%clk 0:41:26]} Bxg4 {[%clk 0:37:01]} 42. fxg5
{[%clk 0:41:53]} f5 {[%clk 0:26:53]} 43. Rxb7 {[%clk 0:40:33]} f4
{[%clk 0:24:12]} 44. Rh4 {[%clk 0:34:42]} fxe3 {[%clk 0:22:19]} 45. Nxe3
{[%clk 0:33:11]} Rxe3 {[%clk 0:22:19]} 46. Rxg4 {[%clk 0:33:32]} Rxa3
{[%clk 0:22:30]} 47. g6 {[%clk 0:28:19]} a5 {[%clk 0:13:40]} 48. Ra7
{[%clk 0:22:13]} a4 {[%clk 0:11:26]} 49. Kh2 {[%clk 0:20:23]} Ra1
{[%clk 0:08:06]} 50. Rg3 {[%clk 0:15:28]} Rb8 {[%clk 0:04:43]} 51. Kh3
{[%clk 0:15:06]} Rf8 {[%clk 0:03:07]} 52. Kg4 {[%clk 0:14:26]} Rf6
{[%clk 0:01:32]} 53. Kg5 {[%clk 0:13:25]} Rf8 {[%clk 0:01:29]} 54. Ra6
{[%clk 0:08:20]} Rc8 {[%clk 0:01:40]} 55. Kf5 {[%clk 0:05:56]} Rf1+
{[%clk 0:00:45]} 56. Ke6 {[%clk 0:05:38]} Rff8 {[%clk 0:00:32]} 57. Rxa4
{[%clk 0:03:19]} Rfe8+ {[%clk 0:00:35]} 58. Kf5 {[%clk 0:03:42]} Re4
{[%clk 0:00:49]} 59. Rg4 {[%clk 0:03:49]} Rf8+ {[%clk 0:01:08]} 60. Kg5
{[%clk 0:04:15]} Re6 {[%clk 0:01:07]} 61. Ra7 {[%clk 0:03:44]} Ref6
{[%clk 0:01:25]} 62. Rc7 {[%clk 0:03:42]} Rf5+ {[%clk 0:01:45]} 63. Kh4
{[%clk 0:04:10]} R5f6 {[%clk 0:02:02]} 64. Rd7 {[%clk 0:02:51]} Re6
{[%clk 0:02:22]} 65. Kh5 {[%clk 0:02:39]} Ref6 {[%clk 0:02:18]} 66. Re7
{[%clk 0:02:58]} Rf5+ {[%clk 0:02:04]} 67. Kh4 {[%clk 0:03:05]} R5f6
{[%clk 0:02:20]} 68. Re5 {[%clk 0:03:02]} Ra8 {[%clk 0:02:25]} 69. Kg5
{[%clk 0:03:20]} Raf8 {[%clk 0:02:41]} 70. Rh4 {[%clk 0:03:28]} Rf3
{[%clk 0:02:18]} 71. Rg4 {[%clk 0:03:26]} R3f6 {[%clk 0:02:33]} 72. Kh5
{[%clk 0:02:31]} Rf5+ {[%clk 0:02:07]} 73. Rg5 {[%clk 0:02:36]} Rf1
{[%clk 0:01:45]} 74. Rg3 {[%clk 0:02:33]} R1f4 {[%clk 0:00:56]} 75. Re6
{[%clk 0:02:30]} R8f5+ {[%clk 0:00:35]} 76. Rg5 {[%clk 0:02:56]} Rf6
{[%clk 0:00:48]} 77. Rge5 {[%clk 0:01:42]} Rxd4 {[%clk 0:00:32]} 78. Rxf6
{[%clk 0:01:24]} gxf6 {[%clk 0:01:00]} 79. Re8+ {[%clk 0:01:49]} Kg7
{[%clk 0:01:27]} 80. Re7+ {[%clk 0:02:12]} Kg8 {[%clk 0:01:27]} 81. Rc7
{[%clk 0:02:32]} Rd1 {[%clk 0:01:24]} 82. Rxc6 {[%clk 0:00:56]} Rh1+
{[%clk 0:01:44]} 83. Kg4 {[%clk 0:01:23]} Kg7 {[%clk 0:02:03]} 84. Kf5
{[%clk 0:01:40]} Rh5+ {[%clk 0:02:08]} 85. Ke6 {[%clk 0:01:55]} d4
{[%clk 0:02:04]} 86. Rc7+ {[%clk 0:00:58]} Kxg6 {[%clk 0:02:25]} 87. c6
{[%clk 0:00:43]} d3 {[%clk 0:02:34]} 88. Rd7 {[%clk 0:00:37]} Re5+
{[%clk 0:03:01]} 89. Kd6 {[%clk 0:01:03]} d2 {[%clk 0:03:16]} 90. Kc7
{[%clk 0:01:21]} Re7 {[%clk 0:03:40]} 91. Rxe7 {[%clk 0:01:41]} d1=Q
{[%clk 0:04:07]} 92. Rd7 {[%clk 0:01:58]} Qa4 {[%clk 0:04:08]} 93. Kd6
{[%clk 0:01:41]} Qb4+ {[%clk 0:04:02]} 94. Kc7 {[%clk 0:01:59]} Kf5
{[%clk 0:03:55]} 95. Rd8 {[%clk 0:01:49]} Ke6 {[%clk 0:03:11]} 96. Rh8
{[%clk 0:01:19]} Qa5+ {[%clk 0:03:05]} 97. Kb7 {[%clk 0:01:43]} Kd6
{[%clk 0:03:14]} 98. Rc8 {[%clk 0:01:45]} Qb5+ {[%clk 0:03:39]} 99. Ka7
{[%clk 0:02:14]} Qxc6 {[%clk 0:04:01]} 0-1

[Event "Team men HL 2016"]
[Site "Sochi"]
[Date "2016.05.04"]
[Round "4.3"]
[White "Yuffa, Daniil"]
[Black "Tregubov, Pavel V."]
[Result "1/2-1/2"]
[LiveChessVersion "1.4.4"]
[BlackElo "2593"]
[WhiteElo "2503"]

1. d4 {[%clk 1:30:41]} Nf6 {[%clk 1:30:54]} 2. c4 {[%clk 1:31:02]} c5
{[%clk 1:31:18]} 3. d5 {[%clk 1:31:27]} b5 {[%clk 1:31:43]} 4. cxb5
{[%clk 1:31:12]} a6 {[%clk 1:32:08]} 5. bxa6 {[%clk 1:31:39]} g6 {[%clk 1:32:31]}
6. Nc3 {[%clk 1:31:42]} Bg7 {[%clk 1:32:48]} 7. a7 {[%clk 1:30:09]} Rxa7
{[%clk 1:32:51]} 8. e4 {[%clk 1:30:00]} O-O {[%clk 1:32:11]} 9. Nf3
{[%clk 1:29:43]} e6 {[%clk 1:29:09]} 10. Be2 {[%clk 1:26:42]} exd5
{[%clk 1:26:01]} 11. exd5 {[%clk 1:24:28]} d6 {[%clk 1:25:31]} 12. O-O
{[%clk 1:24:35]} Na6 {[%clk 1:24:59]} 13. Bf4 {[%clk 1:16:35]} Nc7
{[%clk 1:15:17]} 14. a4 {[%clk 1:04:37]} Re8 {[%clk 1:06:02]} 15. Bb5
{[%clk 1:03:19]} Nxb5 {[%clk 1:05:41]} 16. axb5 {[%clk 1:03:26]} Rxa1
{[%clk 0:57:00]} 17. Qxa1 {[%clk 1:03:53]} Bb7 {[%clk 0:57:07]} 18. Rd1
{[%clk 0:44:09]} Ne4 {[%clk 0:55:11]} 19. Qa7 {[%clk 0:37:16]} Bxc3
{[%clk 0:50:09]} 20. Qxb7 {[%clk 0:36:34]} Bxb2 {[%clk 0:50:28]} 21. Re1
{[%clk 0:25:39]} Bc3 {[%clk 0:37:45]} 22. Rc1 {[%clk 0:25:41]} Qa8
{[%clk 0:30:55]} 23. Qc6 {[%clk 0:19:34]} Rc8 {[%clk 0:29:23]} 24. Qd7
{[%clk 0:19:19]} Rd8 {[%clk 0:28:33]} 25. Qc7 {[%clk 0:13:17]} Rc8
{[%clk 0:27:24]} 26. Qd7 {[%clk 0:11:04]} Rd8 {[%clk 0:27:00]} 27. Qc7
{[%clk 0:11:05]} Rc8 {[%clk 0:27:24]} 28. Qd7 {[%clk 0:11:30]} 1/2-1/2

[Event "Team men HL 2016"]
[Site "Sochi"]
[Date "2016.05.04"]
[Round "4.4"]
[White "Kryakvin, Dmitry"]
[Black "Lugovskoy, Maxim"]
[Result "1-0"]
[LiveChessVersion "1.4.4"]
[BlackElo "2491"]
[WhiteElo "2532"]

1. Nf3 {[%clk 1:30:54]} d5 {[%clk 1:29:59]} 2. d4 {[%clk 1:31:16]} e6
{[%clk 1:30:02]} 3. Bf4 {[%clk 1:30:55]} Nf6 {[%clk 1:28:07]} 4. e3
{[%clk 1:31:17]} Bd6 {[%clk 1:26:11]} 5. Bg3 {[%clk 1:31:36]} Ne4
{[%clk 1:23:18]} 6. Nbd2 {[%clk 1:30:20]} Nxg3 {[%clk 0:59:32]} 7. hxg3
{[%clk 1:30:36]} c5 {[%clk 0:59:32]} 8. c3 {[%clk 1:28:29]} Nc6 {[%clk 0:58:43]}
9. Bd3 {[%clk 1:25:23]} Qb6 {[%clk 0:54:19]} 10. Rb1 {[%clk 1:22:14]} Bd7
{[%clk 0:51:00]} 11. O-O {[%clk 1:13:41]} cxd4 {[%clk 0:48:23]} 12. exd4
{[%clk 1:12:52]} g6 {[%clk 0:47:06]} 13. Re1 {[%clk 1:00:13]} O-O
{[%clk 0:45:51]} 14. Nf1 {[%clk 0:59:43]} Rfe8 {[%clk 0:35:06]} 15. Ne3
{[%clk 0:58:54]} Bf8 {[%clk 0:35:26]} 16. g4 {[%clk 0:55:58]} Bg7
{[%clk 0:32:22]} 17. g5 {[%clk 0:55:07]} Qc7 {[%clk 0:30:07]} 18. Bb5
{[%clk 0:46:07]} Na5 {[%clk 0:14:57]} 19. Bf1 {[%clk 0:41:54]} Nc6
{[%clk 0:15:05]} 20. Qd2 {[%clk 0:37:11]} Rad8 {[%clk 0:15:05]} 21. Rbd1
{[%clk 0:33:27]} Bc8 {[%clk 0:11:54]} 22. Bb5 {[%clk 0:22:38]} Qf4
{[%clk 0:10:55]} 23. Qe2 {[%clk 0:19:25]} a6 {[%clk 0:10:08]} 24. g3
{[%clk 0:16:49]} Qd6 {[%clk 0:10:25]} 25. Bxc6 {[%clk 0:16:01]} bxc6
{[%clk 0:10:46]} 26. Ng4 {[%clk 0:15:40]} e5 {[%clk 0:09:56]} 27. Ngxe5
{[%clk 0:14:34]} Bg4 {[%clk 0:09:29]} 28. Qxa6 {[%clk 0:11:57]} Bxe5
{[%clk 0:08:42]} 29. dxe5 {[%clk 0:11:54]} Qc7 {[%clk 0:07:39]} 30. Qd3
{[%clk 0:10:47]} Bxf3 {[%clk 0:06:25]} 31. Qxf3 {[%clk 0:11:06]} Rxe5
{[%clk 0:06:52]} 32. Rxe5 {[%clk 0:08:57]} Qxe5 {[%clk 0:07:20]} 33. Qf4
{[%clk 0:08:35]} Qe2 {[%clk 0:07:02]} 34. Qd2 {[%clk 0:08:47]} Qa6
{[%clk 0:04:45]} 35. a3 {[%clk 0:08:06]} c5 {[%clk 0:04:22]} 36. Qf4
{[%clk 0:07:21]} Qe2 {[%clk 0:03:42]} 37. Rd2 {[%clk 0:07:12]} Qe6
{[%clk 0:02:23]} 38. Kh2 {[%clk 0:06:12]} d4 {[%clk 0:01:18]} 39. Qf6
{[%clk 0:02:35]} Qd5 {[%clk 0:00:39]} 40. c4 {[%clk 0:31:40]} Qa8
{[%clk 0:30:32]} 41. Qe7 {[%clk 0:24:31]} Qc8 {[%clk 0:26:21]} 42. b4
{[%clk 0:24:02]} cxb4 {[%clk 0:26:15]} 43. axb4 {[%clk 0:24:26]} Re8
{[%clk 0:26:18]} 44. Qc5 {[%clk 0:23:49]} Qxc5 {[%clk 0:25:56]} 45. bxc5
{[%clk 0:24:10]} Rc8 {[%clk 0:26:10]} 46. Rxd4 {[%clk 0:24:29]} Rxc5
{[%clk 0:26:32]} 47. f4 {[%clk 0:23:59]} Ra5 {[%clk 0:18:18]} 48. Rd2
{[%clk 0:18:15]} Kf8 {[%clk 0:18:13]} 49. Kh3 {[%clk 0:18:35]} Ke7
{[%clk 0:17:42]} 50. Kg4 {[%clk 0:17:12]} Ra3 {[%clk 0:16:42]} 51. Rc2
{[%clk 0:14:22]} Kd6 {[%clk 0:16:27]} 52. c5+ {[%clk 0:14:19]} Kc6
{[%clk 0:16:52]} 53. Re2 {[%clk 0:14:42]} Ra7 {[%clk 0:15:11]} 54. Re5
{[%clk 0:15:07]} Kb5 {[%clk 0:07:06]} 55. f5 {[%clk 0:12:02]} Ra4+
{[%clk 0:06:10]} 56. Kh3 {[%clk 0:10:19]} Ra7 {[%clk 0:01:05]} 57. f6
{[%clk 0:09:22]} Rc7 {[%clk 0:01:28]} 58. Re7 {[%clk 0:08:52]} Kc6
{[%clk 0:01:08]} 59. Kg4 {[%clk 0:07:54]} Rd7 {[%clk 0:01:35]} 60. Kf4
{[%clk 0:04:29]} Rd4+ {[%clk 0:01:20]} 61. Kf3 {[%clk 0:03:12]} Kxc5
{[%clk 0:00:34]} 62. Rxf7 {[%clk 0:03:36]} Kd6 {[%clk 0:00:54]} 63. Rxh7
{[%clk 0:03:24]} Rd5 {[%clk 0:00:51]} 64. Kg4 {[%clk 0:03:06]} Rd4+
{[%clk 0:00:57]} 65. Kh3 {[%clk 0:03:11]} Rd5 {[%clk 0:00:42]} 66. Kh4
{[%clk 0:03:14]} Rd4+ {[%clk 0:00:54]} 67. g4 {[%clk 0:03:19]} Rd1
{[%clk 0:00:59]} 68. Rg7 {[%clk 0:02:47]} Ke5 {[%clk 0:01:11]} 69. Kg3
{[%clk 0:03:09]} Rd3+ {[%clk 0:01:14]} 70. Kf2 {[%clk 0:03:24]} Kf4
{[%clk 0:01:37]} 71. Rxg6 {[%clk 0:03:23]} Kxg4 {[%clk 0:02:00]} 72. Ke2
{[%clk 0:03:36]} Rf3 {[%clk 0:00:52]} 73. Rg7 {[%clk 0:03:53]} 1-0